000 00523nam a2200157 a 4500
001 000016448
005 20200929164921.0
008 100305s1983 dr ab 001 0 spa d
040 _aDO-SdBNP
_bspa
_cBNPHU
082 _axxxx
_bR426s
110 1 _aRepública Dominicana
_bOficina Nacional de Planificación
_99293
245 1 3 _aLa situación de la infancia en la República Dominicana /.
260 _aSanto Domingo :
_bOficina Nacional de Planificación,
_c1983.
300 _a458 p. :
_bil., map. ;
_c27 cm.
049 _aBNPD
999 _c15983
_d15983